[Event "SR 3. liga A2 2007/2008"]
[Site "?"]
[Date "2008.01.27"]
[Round "7"]
[White "Husek, Lubomir"]
[Black "Lanik, Miroslav"]
[Result "1/2-1/2"]
[WhiteElo "1600"]
[BlackElo "1580"]
[PlyCount "100"]
[EventDate "2007.??.??"]

1. d4 Nf6 2. c4 e5 3. dxe5 Ng4 4. Nf3 Nc6 5. Bf4 Bb4+ 6. Nbd2 Qe7 7. h3 Ngxe5
8. Nxe5 Nxe5 9. e3 O-O 10. a3 Bxd2+ 11. Qxd2 d6 12. Be2 Be6 13. Qc3 Ng6 14. Bg3
Rfe8 15. O-O c6 16. Bf3 Ne5 17. Be2 f6 18. Rac1 Bf7 19. Rfd1 Rad8 20. Rc2 Rd7
21. Rcd2 Red8 22. Qb4 a5 23. Qc3 b6 24. b4 a4 25. Qc2 Ra8 26. Bxe5 fxe5 27. Bf3
Bg6 28. Be4 Bxe4 29. Qxe4 Rc8 30. Qc2 Ra8 31. Qe4 Rc8 32. Qc2 Ra8 33. f3 g6 34.
e4 Raa7 35. c5 dxc5 36. bxc5 Rxd2 37. Rxd2 Qxc5+ 38. Qxc5 bxc5 39. Rc2 Ra5 40.
Kf2 Kf7 41. Ke3 Ke6 42. Rc4 Kd6 43. f4 Rb5 44. fxe5+ Kxe5 45. Rxa4 Rb3+ 46. Kf2
c4 47. Rxc4 Rxa3 48. Rxc6 Kxe4 49. Rc7 h5 50. Rc6 Kf5 1/2-1/2

[Event "SR 3. liga A2 2007/2008"]
[Site "?"]
[Date "2008.01.27"]
[Round "7"]
[White "Pribila, Gerhard"]
[Black "Hudacek, Josef"]
[Result "1-0"]
[WhiteElo "2026"]
[BlackElo "2081"]
[PlyCount "144"]
[EventDate "2007.??.??"]

1. e4 d6 2. d4 Nf6 3. Nc3 g6 4. Be3 Bg7 5. Qd2 Nc6 6. Bb5 Bd7 7. Bxc6 Bxc6 8.
f3 b6 9. Nge2 Qd7 10. O-O-O O-O-O 11. d5 Bb7 12. Bh6 Bxh6 13. Qxh6 e5 14. dxe6
fxe6 15. Qg5 Nh5 16. Rd2 e5 17. Rhd1 Qe6 18. Kb1 Rhf8 19. Nd5 Rf7 20. Qe3 Nf6
21. Qa3 Kb8 22. Nxf6 Qxf6 23. Nc3 Rfd7 24. Nd5 Bxd5 25. exd5 Rf7 26. Qa6 Qf5
27. Rd3 Qc8 28. Qb5 a6 29. Qb3 Ka7 30. Rc3 a5 31. Rc6 Qa6 32. Qc3 Rdd7 33. Re1
Qb5 34. Qc4 $11 Qxc4 35. Rxc4 b5 36. Rce4 Kb6 37. R1e3 c5 38. dxc6 Kxc6 39. c4
b4 40. b3 Ra7 41. a4 g5 $11 42. Rd3 Rf4 43. Re2 Rff7 44. Red2 Rfd7 45. Rd5 h6
46. Kc2 Ra6 47. Kd3 Kc7 48. Ke4 Rf7 49. g3 Rf8 50. R2d3 h5 51. Rb5 Raa8 52. c5
dxc5 53. Rxc5+ Kb6 54. Rxe5 Rae8 55. Rd6+ Kc7 56. Rdd5 Rxe5+ 57. Rxe5 Kb6 58.
Rxg5 Rc8 59. Rd5 Rc2 60. h3 Rh2 61. Rxh5 Rb2 62. Rh6+ Kb7 63. Rh5 Ka6 64. g4
Rxb3 65. g5 Ra3 66. g6 b3 67. Kd3 Rxa4 68. g7 b2 69. Kc2 Rb4 70. Kb1 Rb8 71.
Rh8 a4 72. Rxb8 a3 1-0

[Event "SR 3. liga A2 2007/2008"]
[Site "?"]
[Date "2008.01.27"]
[Round "7"]
[White "Strakac, Petr"]
[Black "Pribila, Michal"]
[Result "0-1"]
[WhiteElo "2029"]
[BlackElo "2067"]
[PlyCount "67"]
[EventDate "2007.??.??"]

1. e4 c5 2. Nf3 d6 3. Nc3 Nf6 4. Bc4 Nc6 5. h3 a6 6. a4 e6 7. d4 cxd4 8. Nxd4
Bd7 9. O-O Be7 10. Ba2 O-O 11. Be3 Rc8 12. f4 Qc7 13. f5 Nxd4 14. Bxd4 e5 15.
Bf2 Bc6 16. Qf3 b5 17. axb5 axb5 18. Rfe1 b4 19. Nb1 Nxe4 20. Rxe4 Bxe4 21.
Qxe4 Qxc2 22. Qxb4 Qc1+ 23. Kh2 Bg5 24. Bb3 Rb8 25. Qa3 Bf4+ 26. g3 Qf1 27. Qa7
Bxg3+ 28. Kxg3 Rxb3+ 29. Nc3 Qd3+ 30. Kh2 Rxb2 31. Nd1 Rd2 32. f6 Rxd1 33. Qe7
Rxa1 34. fxg7 0-1

[Event "SR 3. liga A2 2007/2008"]
[Site "?"]
[Date "2008.01.27"]
[Round "7"]
[White "Kocak, Branislav"]
[Black "Kubis, Ivan"]
[Result "1/2-1/2"]
[WhiteElo "1855"]
[BlackElo "2018"]
[PlyCount "68"]
[EventDate "2007.??.??"]

1. d4 Nf6 2. c4 e6 3. Nf3 b6 4. Nc3 Bb7 5. e3 Bb4 6. Bd3 O-O 7. O-O Bxc3 8.
bxc3 d6 9. Re1 Nbd7 10. e4 e5 11. h3 Re8 12. Qc2 Nf8 13. a4 Ng6 14. Kh2 Qd7 15.
Ng1 Nh5 16. g3 Rad8 17. Bg5 Ra8 18. Be2 Nf6 19. Bxf6 gxf6 20. Bd3 Kh8 21. Qd2
Rg8 22. Qh6 a5 23. Nf3 Qe7 24. Nh4 Nxh4 25. Qxh4 Rae8 26. f4 Rg6 27. Re3 Bc6
28. Be2 Bd7 29. f5 Rg5 30. g4 exd4 31. cxd4 c5 32. Bd3 cxd4 33. Ree1 Qe5+ 34.
Qg3 h5 1/2-1/2

[Event "SR 3. liga A2 2007/2008"]
[Site "?"]
[Date "2008.01.27"]
[Round "7"]
[White "Pekar, Tibor"]
[Black "Vach, Jozef"]
[Result "1/2-1/2"]
[WhiteElo "1973"]
[BlackElo "1944"]
[PlyCount "27"]
[EventDate "2007.??.??"]

1. e4 e5 2. Nf3 Nc6 3. Bc4 Be7 4. d4 d6 5. d5 Nb8 6. Be2 Nf6 7. Qd3 Bg4 8. Qb5+
Nbd7 9. Nc3 Qc8 10. Nd2 c6 11. dxc6 bxc6 12. Qd3 Nc5 13. Qe3 Bxe2 14. Qxe2
1/2-1/2

[Event "SR 3. liga A2 2007/2008"]
[Site "?"]
[Date "2008.01.27"]
[Round "7"]
[White "Brunovsky, Peter"]
[Black "Vepy, Ivan"]
[Result "0-1"]
[WhiteElo "1687"]
[BlackElo "1973"]
[PlyCount "84"]
[EventDate "2007.??.??"]

1. c4 e5 2. Nc3 Nf6 3. e4 Nc6 4. g3 Be7 5. Bg2 d6 6. Nge2 Bg4 7. h3 Bh5 8. g4
Bg6 9. d3 h6 10. Be3 Nh7 11. Qd2 Bh4 12. Ng3 Ng5 13. Nf5 Bxf5 14. gxf5 Nd4 15.
Bxd4 exd4 16. Ne2 O-O 17. O-O Qf6 18. f4 Nh7 19. Kh2 g6 20. Bf3 Kh8 21. fxg6
fxg6 22. Kh1 c6 23. a4 Rf7 24. b4 Nf8 25. Bg2 Re8 26. f5 g5 27. Bf3 Rg7 28. Bh5
Ree7 29. Ng1 d5 30. cxd5 cxd5 31. Bf3 dxe4 32. dxe4 Bg3 33. Qg2 Bf4 34. Rad1
Nd7 35. Qb2 Be3 36. Rd3 Ne5 37. Rxe3 dxe3 38. Rd1 g4 39. Rd8+ Kh7 40. Qc3 Rc7
41. Qb2 gxf3 42. Nxf3 Nxf3 0-1

[Event "SR 3. liga A2 2007/2008"]
[Site "?"]
[Date "2008.01.27"]
[Round "7"]
[White "Hrubsa, Marian"]
[Black "Zajicek, Ferdinand"]
[Result "0-1"]
[WhiteElo "1719"]
[BlackElo "1798"]
[PlyCount "82"]
[EventDate "2007.??.??"]

1. e4 e5 2. Nf3 Nc6 3. Bb5 d6 4. d4 exd4 5. Nxd4 Bd7 6. Nc3 Nf6 7. O-O Be7 8.
Re1 O-O 9. Bxc6 Bxc6 10. Qf3 Bd7 11. h3 h6 12. Bd2 Nh7 13. Nf5 Bg5 14. Rad1
Bxd2 15. Rxd2 Re8 16. Red1 Nf6 17. Rd3 Re5 18. g4 Qe8 19. Re3 Bc6 20. Rde1 Kh7
21. Qg2 Qd7 22. f4 Re6 23. g5 Ng8 24. Nh4 g6 25. gxh6 Nxh6 26. Rg3 Rg8 27. Ree3
Qd8 28. Nf3 f6 29. Nd4 Re7 30. h4 Bd7 31. Nd5 Reg7 32. e5 dxe5 33. fxe5 fxe5
34. Rxe5 c6 35. Ne3 Nf5 36. Rg5 Nh6 37. Qe4 Qf6 38. Ne6 Rf7 39. h5 Bxe6 40.
hxg6+ Rxg6 41. Qh4 Qxe5 0-1

[Event "SR 3. liga A2 2007/2008"]
[Site "?"]
[Date "2008.01.27"]
[Round "7"]
[White "Kastler, Peter"]
[Black "Brisudova, Veronika"]
[Result "0-1"]
[WhiteElo "1679"]
[BlackElo "1751"]
[PlyCount "47"]
[EventDate "2007.??.??"]

1. d4 d5 2. c4 e5 3. dxe5 d4 4. Nf3 Nc6 5. Bf4 Bf5 6. Nbd2 Nb4 7. Rc1 d3 8.
exd3 Bxd3 9. Rc3 Qd7 10. Nb3 O-O-O 11. Nbd4 Bxf1 12. Kxf1 c5 13. e6 fxe6 14.
Ne5 Qxd4 15. Qg4 Qd1+ 16. Qxd1 Rxd1+ 17. Ke2 Rxh1 18. Nf7 Ne7 19. Nxh8 Nec6 20.
a3 Nd4+ 21. Kd2 Nbc6 22. Nf7 Rf1 23. Be3 g6 24. Ng5 {
Neviem správne pokraèova - skoda!} 0-1

[Event "SR 3. liga A2 2007/2008"]
[Site "?"]
[Date "2008.01.27"]
[Round "7"]
[White "Harasta, Juraj"]
[Black "Papanek, Lubomir"]
[Result "1-0"]
[WhiteElo "1649"]
[BlackElo "1667"]
[PlyCount "55"]
[EventDate "2007.??.??"]

1. e4 c5 2. Nf3 d6 3. d4 cxd4 4. Nxd4 g6 5. Nc3 Bg7 6. Be3 Nf6 7. Bc4 O-O 8.
O-O Nc6 9. Qd2 Ng4 10. Nxc6 bxc6 11. Bf4 e5 12. Bg5 Bf6 13. Bxf6 Nxf6 14. Rad1
Ne8 15. f4 Be6 16. Bxe6 Qb6+ 17. Kh1 fxe6 18. fxe5 Rxf1+ 19. Rxf1 dxe5 20. Qd7
Qc7 21. Qxe6+ Kg7 22. Rd1 Nf6 23. Rd6 Re8 24. Qxf6+ Kg8 25. Rxc6 Qb8 26. Nd5
Qd8 27. Qxd8 Rxd8 28. c4 1-0

[Event "SR 3. liga A2 2007/2008"]
[Site "?"]
[Date "2008.02.17"]
[Round "8"]
[White "Kovacocy, Pavel"]
[Black "Pribila, Gerhard"]
[Result "1/2-1/2"]
[WhiteElo "2244"]
[BlackElo "2026"]
[PlyCount "48"]
[EventDate "2007.??.??"]

1. e4 c5 2. Nf3 d6 3. d4 cxd4 4. Nxd4 Nf6 5. Nc3 g6 6. Be3 Bg7 7. f3 O-O 8. Qd2
Nc6 9. O-O-O d5 10. Nxc6 bxc6 11. exd5 cxd5 12. Nxd5 Nxd5 13. Qxd5 Qc7 14. Qc5
Qb7 15. Qa3 Bf5 16. Bc4 Qc7 17. Bb3 Rfc8 18. Rd2 a5 19. g4 a4 20. Bxf7+ Kxf7
21. gxf5 gxf5 22. Qd3 Ra5 23. Rg1 Bf6 24. a3 Qb7 $11 1/2-1/2

[Event "SR 3. liga A2 2007/2008"]
[Site "?"]
[Date "2008.02.17"]
[Round "8"]
[White "Pribila, Michal"]
[Black "Cechovic, Stefan"]
[Result "1/2-1/2"]
[WhiteElo "2067"]
[BlackElo "2164"]
[PlyCount "30"]
[EventDate "2007.??.??"]

1. e4 c5 2. Nf3 Nc6 3. c3 d5 4. exd5 Qxd5 5. d4 Bg4 6. Be2 e6 7. h3 Bh5 8. dxc5
Qxd1+ 9. Bxd1 Bxc5 10. O-O Nf6 11. Bg5 O-O 12. Nbd2 Rfd8 13. Bxf6 gxf6 14. Ne4
Be7 15. Nd4 Nxd4 1/2-1/2

[Event "SR 3. liga A2 2007/2008"]
[Site "?"]
[Date "2008.02.17"]
[Round "8"]
[White "Sarmir, Milos"]
[Black "Kocak, Branislav"]
[Result "0-1"]
[WhiteElo "2112"]
[BlackElo "1855"]
[PlyCount "108"]
[EventDate "2007.??.??"]

1. e4 c5 2. Nf3 d6 3. d4 cxd4 4. Nxd4 Nf6 5. Nc3 a6 6. a4 e5 7. Nf3 Be7 8. Be2
O-O 9. O-O Qc7 10. Nd5 Nxd5 11. exd5 Nd7 12. c4 a5 13. b3 Nc5 14. Be3 Bf5 15.
Nd2 Bg6 16. f4 exf4 17. Bxf4 Bf6 18. Ra2 Nd3 19. Ne4 Bd4+ 20. Kh1 Nxf4 21. Rxf4
Be5 22. Rh4 Qe7 23. g3 Rfe8 24. Bd3 b6 25. Nf2 Bf6 26. Rf4 Qe1+ 27. Qxe1 Rxe1+
28. Kg2 Re3 29. Bxg6 hxg6 30. Rf3 Rae8 31. Ng4 Rxf3 32. Kxf3 Bd4 33. Re2 Rxe2
34. Kxe2 f5 35. Ne3 Bxe3 36. Kxe3 g5 37. Kd4 Kf7 38. Kc3 Kf6 39. Kd4 g4 40. Kd3
Ke5 41. Kc3 g5 42. b4 f4 43. bxa5 bxa5 44. gxf4+ gxf4 45. Kd3 g3 46. hxg3 fxg3
47. Ke3 g2 48. Kf2 Kd4 49. Kxg2 Kxc4 50. Kf1 Kxd5 51. Ke1 Kc4 52. Kd2 Kb4 53.
Kd3 Kxa4 54. Kc4 Ka3 0-1

[Event "SR 3. liga A2 2007/2008"]
[Site "?"]
[Date "2008.02.17"]
[Round "8"]
[White "Vach, Jozef"]
[Black "Vagovsky, Jozef"]
[Result "1-0"]
[WhiteElo "1944"]
[BlackElo "1983"]
[PlyCount "83"]
[EventDate "2007.??.??"]

1. d4 d5 2. c4 dxc4 3. Nc3 a6 4. a4 e6 5. e4 c5 6. Nf3 cxd4 7. Qxd4 Qxd4 8.
Nxd4 Bb4 9. Bd2 Bc5 10. Be3 Bb4 11. Bxc4 Ne7 12. O-O Bxc3 13. bxc3 O-O 14. Rfd1
Nd7 15. Nxe6 Ne5 16. Nxf8 Bg4 17. f3 Nxc4 18. Bc5 Kxf8 19. fxg4 Ke8 20. Bxe7
Kxe7 21. Rd4 Rc8 22. Rc1 Ke6 23. Kf2 h6 24. h3 Rc7 25. Ke2 Na5 26. Rb4 Nc4 27.
Rcb1 Na5 28. c4 Ke5 29. Kf3 Kd4 30. Kf4 Re7 31. c5+ Kxc5 32. e5 Kd5 33. Rd1+
Kc5 34. Rbd4 Kc6 35. Rd6+ Kc7 36. Rc1+ Nc6 37. Rd5 g6 38. h4 Kb6 39. a5+ Ka7
40. Re1 Rc7 41. e6 fxe6 42. Rxe6 1-0

[Event "SR 3. liga A2 2007/2008"]
[Site "?"]
[Date "2008.02.17"]
[Round "8"]
[White "Vlkovic, Pavol"]
[Black "Brunovsky, Peter"]
[Result "1/2-1/2"]
[WhiteElo "1930"]
[BlackElo "1687"]
[PlyCount "72"]
[EventDate "2007.??.??"]

1. e4 c6 2. d4 d5 3. Nc3 dxe4 4. Nxe4 Nf6 5. Nxf6+ gxf6 6. Bc4 Bf5 7. c3 e6 8.
Bf4 Bd6 9. Qd2 Qc7 10. Ne2 Nd7 11. h4 h5 12. O-O-O O-O-O 13. Bxd6 Qxd6 14. Bd3
Bxd3 15. Qxd3 f5 16. c4 Kb8 17. Kb1 Ne5 18. Qb3 Ng4 19. Rhf1 Qh2 20. Qg3+ Qxg3
21. Nxg3 Rdg8 22. Ne2 Nf6 23. g3 Rd8 24. Nc3 Rd7 25. Rd2 Rhd8 26. Rfd1 Ne4 27.
Nxe4 fxe4 28. Kc2 Kc7 29. Kc3 f5 30. b4 b6 31. b5 cxb5 32. cxb5 Kb7 33. a4 Rc8+
34. Kb4 Rdc7 35. d5 Rc4+ 36. Kb3 Rc3+ 1/2-1/2

[Event "SR 3. liga A2 2007/2008"]
[Site "?"]
[Date "2008.02.17"]
[Round "8"]
[White "Zajicek, Ferdinand"]
[Black "Kovacik, Lubomir"]
[Result "1/2-1/2"]
[WhiteElo "1798"]
[BlackElo "1773"]
[PlyCount "83"]
[EventDate "2007.??.??"]

1. e4 c5 2. Nf3 d6 3. Nc3 a6 4. h3 Nc6 5. a3 e6 6. Bc4 Nf6 7. d3 Be7 8. O-O O-O
9. Re1 Nd7 10. Bf4 b5 11. Ba2 Nb6 12. Ne2 d5 13. exd5 Nxd5 14. Rb1 Nxf4 15.
Nxf4 Bf6 16. Nh5 Bb7 17. Qe2 Nd4 18. Nxd4 cxd4 19. Nxf6+ Qxf6 20. Qe5 Qxe5 21.
Rxe5 Rac8 22. Bb3 Rc7 23. f4 g6 24. g4 Rfc8 25. f5 exf5 26. gxf5 Rc5 27. Rxc5
Rxc5 28. fxg6 hxg6 29. Rf1 Rg5+ 30. Kf2 Rf5+ 31. Ke2 Rxf1 32. Kxf1 Kg7 33. Kf2
f5 34. Kg3 g5 35. c3 dxc3 36. bxc3 Kf6 37. d4 Be4 38. a4 bxa4 39. Bxa4 Bd5 40.
Bd7 a5 41. Ba4 f4+ 42. Kf2 1/2-1/2

[Event "SR 3. liga A2 2007/2008"]
[Site "?"]
[Date "2008.02.17"]
[Round "8"]
[White "Markuliak, Mario"]
[Black "Kastler, Peter"]
[Result "1/2-1/2"]
[WhiteElo "1663"]
[BlackElo "1679"]
[PlyCount "64"]
[EventDate "2007.??.??"]

1. c4 c6 2. Nc3 d5 3. cxd5 cxd5 4. d4 e6 5. Nf3 Nf6 6. g3 Be7 7. Bg2 O-O 8. O-O
b6 9. Bf4 Bb7 10. Rc1 Nc6 11. a3 Nh5 12. Bd2 Nf6 13. Qa4 a6 14. Rc2 b5 15. Qb3
Na5 16. Qa2 Nc4 17. e3 Rc8 18. Rfc1 Nd7 19. Ne2 Nxd2 20. Nxd2 Nb6 21. b3 Qd6
22. a4 bxa4 23. bxa4 Bc6 24. Nc3 a5 25. Bf1 Qd7 26. Bb5 Bb4 27. Nb3 Bxc3 28.
Nc5 Qe7 29. Rxc3 Bxb5 30. axb5 Nc4 31. Rb1 Rb8 32. e4 Rb6 1/2-1/2

[Event "SR 3. liga A2 2007/2008"]
[Site "?"]
[Date "2008.02.17"]
[Round "8"]
[White "Papanek, Lubomir"]
[Black "Hornak, Pavol"]
[Result "1/2-1/2"]
[WhiteElo "1667"]
[BlackElo "1792"]
[PlyCount "87"]
[EventDate "2007.??.??"]

1. d4 Nf6 2. c4 g6 3. Nf3 Bg7 4. e3 d5 5. Be2 O-O 6. Nc3 Nc6 7. O-O b6 8. Bd2
e6 9. Rc1 Bb7 10. Qc2 Rc8 11. Qa4 dxc4 12. Bxc4 a5 13. Qd1 Qe7 14. a3 Rfd8 15.
Qe2 e5 16. Ba6 Bxa6 17. Qxa6 e4 18. Ne1 Qd7 19. Qe2 Ne7 20. f3 exf3 21. Nxf3
Ned5 22. Ne5 Qe6 23. Qc4 c6 24. Qe2 Rf8 25. Qf3 Nd7 26. Nxd7 Qxd7 27. Nxd5 Qxd5
28. Qxd5 cxd5 29. a4 f5 30. Rxc8 Rxc8 31. Rc1 Rxc1+ 32. Bxc1 Kf7 33. Kf2 Bf8
34. Bd2 Bd6 35. h3 h5 36. h4 Be7 37. g3 Bd6 38. Kf3 Ke7 39. Be1 Kd7 40. Ke2 Kc7
41. Kd3 Kb7 42. b3 Ka6 43. Kc2 b5 44. Kd3 1/2-1/2

[Event "SR 3. liga A2 2007/2008"]
[Site "?"]
[Date "2008.02.17"]
[Round "8"]
[White "Ivan, Imrich ml"]
[Black "Sebesta, Radovan"]
[Result "1/2-1/2"]
[WhiteElo "2012"]
[BlackElo "2118"]
[PlyCount "27"]
[EventDate "2007.??.??"]

1. Nf3 d5 2. d4 Bf5 3. Bf4 e6 4. e3 Bd6 5. Ne5 Nd7 6. Bd3 Bxd3 7. cxd3 Nxe5 8.
dxe5 Bb4+ 9. Nd2 Bxd2+ 10. Qxd2 Ne7 11. O-O Ng6 12. Bg3 O-O 13. d4 Qe7 14. Rac1
$11 1/2-1/2

[Event "SR 3. liga A2 2007/2008"]
[Site "?"]
[Date "2008.02.17"]
[Round "8"]
[White "Skapikova, Lubica"]
[Black "Csefalvay, Stefan"]
[Result "1/2-1/2"]
[WhiteElo "1998"]
[BlackElo "1948"]
[PlyCount "67"]
[EventDate "2007.??.??"]

1. e4 c5 2. Nf3 Nc6 3. d4 cxd4 4. Nxd4 Nf6 5. Nc3 e5 6. Nf3 Bb4 7. Bd2 O-O 8.
Bd3 a6 9. O-O d5 10. exd5 Nxd5 11. Nxd5 Qxd5 12. Bxb4 Nxb4 13. a3 Nxd3 14. Qxd3
Qxd3 15. cxd3 f6 16. Rfe1 Bf5 17. d4 exd4 18. Nxd4 Bg6 19. Re7 Rfe8 20. Rae1
Rab8 21. Rxe8+ Rxe8 22. Rxe8+ Bxe8 23. Kf1 Kf7 24. Ke2 g6 25. Ke3 Ke7 26. b4
Kd6 27. Ke4 Bc6+ 28. Nxc6 Kxc6 29. f4 Kd6 30. g4 b5 31. Kd4 g5 32. f5 h6 33. h3
Kc6 34. Ke4 1/2-1/2

[Event "SR 3. liga A2 2007/2008"]
[Site "?"]
[Date "2008.02.17"]
[Round "8"]
[White "Ivan, Imrich st"]
[Black "Zisek, Jaroslav"]
[Result "1/2-1/2"]
[WhiteElo "1870"]
[BlackElo "1922"]
[PlyCount "71"]
[EventDate "2007.??.??"]

1. e4 e5 2. Nc3 Nf6 3. f4 d6 4. h3 Nc6 5. Bb5 Bd7 6. Nf3 a6 7. Bxc6 Bxc6 8.
fxe5 dxe5 9. Nxe5 Qd6 10. Nxc6 Qxc6 11. d3 Bb4 12. Bd2 O-O-O 13. Qf3 Rhg8 14.
O-O-O Bxc3 15. Bxc3 Nd7 16. Qxf7 Rdf8 17. Qh5 h6 18. Qd5 Qxd5 19. exd5 Nb6 20.
d6 cxd6 21. Rhf1 Rxf1 22. Rxf1 Nd5 23. Bd2 Kd7 24. Kd1 Ke6 25. Ke2 g5 26. g4
Rg7 27. Rf8 Rf7 28. Rxf7 Kxf7 29. c4 Ne7 30. b4 Nc6 31. Kf3 Ke6 32. Ke4 Ne5 33.
Bc3 Nd7 34. c5 dxc5 35. bxc5 Nxc5+ 36. Ke3 1/2-1/2

[Event "SR 3. liga A2 2007/2008"]
[Site "?"]
[Date "2008.02.17"]
[Round "8"]
[White "Palka, Martin"]
[Black "Magyarics, Jozef"]
[Result "1-0"]
[WhiteElo "1912"]
[BlackElo "1567"]
[PlyCount "67"]
[EventDate "2007.??.??"]

1. e4 e5 2. Nf3 Nc6 3. Bb5 d6 4. d4 exd4 5. Qxd4 Nf6 6. Nc3 Bd7 7. Bxc6 Bxc6 8.
Bg5 Be7 9. O-O-O O-O 10. h4 d5 11. e5 Ne4 12. Kb1 Nxg5 13. hxg5 Bxg5 14. Nxg5
Qxg5 15. Rd3 Rae8 16. f4 Qf5 17. Rg3 f6 18. exf6 Rxf6 19. Rf3 a5 20. g4 Qe6 21.
g5 Rf7 22. a3 Qf5 23. Rg1 b5 24. g6 hxg6 25. Rh1 Rfe7 26. Ka2 b4 27. Rfh3 bxc3
28. Rh8+ Kf7 29. Rxe8 Rxe8 30. Qxc3 Qxf4 31. Qxc6 Qd6 32. Rf1+ Ke7 33. Re1+ Kd8
34. Qxe8# 1-0

[Event "SR 3. liga A2 2007/2008"]
[Site "?"]
[Date "2008.02.17"]
[Round "8"]
[White "Bogi, Timea"]
[Black "Fidericky, Milan"]
[Result "1/2-1/2"]
[WhiteElo "1516"]
[BlackElo "1883"]
[PlyCount "36"]
[EventDate "2007.??.??"]

1. e4 e5 2. Nf3 Nf6 3. Nc3 Nc6 4. Bc4 d6 5. h3 Be6 6. Bxe6 fxe6 7. d3 Be7 8.
O-O O-O 9. Bg5 h6 10. Bh4 g5 11. Bg3 Kg7 12. Kh2 Kg6 13. Qd2 Nh5 14. d4 exd4
15. Nxd4 Nxd4 16. Qxd4 e5 17. Qd3 Nf4 18. Bxf4 Rxf4 1/2-1/2

[Event "SR 3. liga A2 2007/2008"]
[Site "?"]
[Date "2008.02.17"]
[Round "8"]
[White "Havlicek, Peter"]
[Black "Bogi, Peter"]
[Result "0-1"]
[WhiteElo "1688"]
[BlackElo "1553"]
[PlyCount "56"]
[EventDate "2007.??.??"]

1. e4 e5 2. Nf3 Nc6 3. d4 exd4 4. Nxd4 Nxd4 5. Qxd4 Nf6 6. Bd3 d6 7. O-O Be7 8.
Nc3 O-O 9. Bg5 h6 10. Bh4 Be6 11. f4 c5 12. Qe3 Rc8 13. a3 a6 14. b3 b5 15.
Rad1 c4 16. bxc4 bxc4 17. Be2 Re8 18. e5 Ng4 19. Bxg4 Bxg4 20. Bxe7 Rxe7 21.
Rxd6 Qa5 22. Ne4 Rce8 23. Qg3 h5 24. Rfd1 Bxd1 25. Rxd1 Qb6+ 26. Kf1 Kh7 27.
Rd6 Qb1+ 28. Ke2 Qxc2+ 0-1

[Event "SR 3. liga A2 2007/2008"]
[Site "?"]
[Date "2008.02.17"]
[Round "8"]
[White "Szabo, Julius"]
[Black "Lanik, Miroslav"]
[Result "1-0"]
[WhiteElo "1350"]
[BlackElo "1580"]
[PlyCount "83"]
[EventDate "2007.??.??"]

1. e4 c5 2. Ne2 Nc6 3. d4 e6 4. c4 cxd4 5. Nxd4 Nf6 6. Nc3 Be7 7. Be2 O-O 8.
Be3 h6 9. O-O b6 10. Qd2 Kh7 11. f4 Bb7 12. Bd3 e5 13. Nf5 Ng4 14. Rf3 Nxe3 15.
Nxe3 d6 16. Ncd5 Nd4 17. Rh3 Rc8 18. Nf5 Nxf5 19. exf5 f6 20. Qe3 Qe8 21. Qg3
Bd8 22. Re1 b5 23. Ne3 a5 24. cxb5 Bb6 25. Kh1 Bxe3 26. Rxe3 Rc1+ 27. Re1 Rc5
28. a4 Qf7 29. Rh4 Rfc8 30. h3 Qe8 31. Be2 e4 32. Bh5 Qd7 33. Bg6+ Kg8 34. Rg4
Rc1 35. Rxc1 Rxc1+ 36. Kh2 d5 37. Qh4 Rc8 38. Bh5 d4 39. Qxf6 Kh8 40. Qh4 Rf8
41. Rg6 Rxf5 42. Bg4 1-0

[Event "SR 3. liga A2 2007/2008"]
[Site "?"]
[Date "2008.02.17"]
[Round "8"]
[White "Beran, Jan"]
[Black "Magyarics, Tamas"]
[Result "1-0"]
[WhiteElo "1686"]
[BlackElo "1350"]
[PlyCount "53"]
[EventDate "2007.??.??"]

1. e4 e5 2. Bc4 Nf6 3. d3 Nc6 4. Nc3 d6 5. Bg5 Be7 6. Nge2 Nd4 7. Nxd4 exd4 8.
Ne2 Bg4 9. f3 Bh5 10. Nxd4 c5 11. Nf5 g6 12. Ne3 a6 13. g4 b5 14. Bxf6 Bxf6 15.
Bd5 Rb8 16. gxh5 gxh5 17. c3 b4 18. Qa4+ Kf8 19. O-O Rg8+ 20. Kh1 bxc3 21. bxc3
Bxc3 22. Rab1 Rxb1 23. Rxb1 Qg5 24. Qd7 Rg7 25. Qxd6+ Kg8 26. Qb8+ Qd8 27.
Qxd8# 1-0

[Event "SR 3. liga A2 2007/2008"]
[Site "?"]
[Date "2008.02.17"]
[Round "8"]
[White "Sekera, Branislav"]
[Black "Sulek, Viliam"]
[Result "1/2-1/2"]
[WhiteElo "2129"]
[BlackElo "2172"]
[PlyCount "31"]
[EventDate "2007.??.??"]

1. d4 Nf6 2. Nf3 g6 3. c4 Bg7 4. Nc3 d5 5. e3 O-O 6. b3 c5 7. Bb2 cxd4 8. exd4
Nc6 9. Be2 Bf5 10. O-O Rc8 11. Rc1 dxc4 12. bxc4 Qa5 13. Qb3 Qb4 14. Ba3 Qxb3
15. axb3 Rfe8 16. Bb2 1/2-1/2

[Event "SR 3. liga A2 2007/2008"]
[Site "?"]
[Date "2008.02.17"]
[Round "8"]
[White "Kantor, Tamas st"]
[Black "Bury, Rastislav"]
[Result "1/2-1/2"]
[WhiteElo "2059"]
[BlackElo "2130"]
[PlyCount "68"]
[EventDate "2007.??.??"]

1. e4 e5 2. Nf3 Nc6 3. Bb5 a6 4. Ba4 Nf6 5. O-O Be7 6. Re1 b5 7. Bb3 d6 8. c3
O-O 9. d4 Bg4 10. d5 Na5 11. Bc2 c6 12. dxc6 Qc7 13. h3 Bh5 14. Nbd2 Qxc6 15.
Nf1 Nc4 16. Ng3 Bg6 17. Nh4 Qc5 18. Nhf5 Rfe8 19. b3 Nb6 20. Be3 Qc7 21. Rc1
Bf8 22. Bb1 Rad8 23. Bg5 Nbd7 24. c4 b4 25. h4 h6 26. Bd2 Rb8 27. h5 Bh7 28.
Qf3 Rec8 29. Bd3 Qd8 30. Rcd1 Nc5 31. Bb1 a5 32. Ne2 a4 33. Bc1 Ne8 34. Rd2 Qf6
$11 1/2-1/2

[Event "SR 3. liga A2 2007/2008"]
[Site "?"]
[Date "2008.02.17"]
[Round "8"]
[White "Lopatievov, Alexander"]
[Black "Szekely, Stefan"]
[Result "1/2-1/2"]
[WhiteElo "1905"]
[BlackElo "2049"]
[PlyCount "25"]
[EventDate "2007.??.??"]

1. e4 d6 2. d4 Nf6 3. Nc3 g6 4. f3 Bg7 5. Be3 Nbd7 6. Bc4 e5 7. d5 a5 8. Qd2
Nb6 $11 9. Bb5+ Bd7 10. Bxb6 cxb6 11. Nge2 h5 12. Qd3 O-O 13. Na4 $11 1/2-1/2

[Event "SR 3. liga A2 2007/2008"]
[Site "?"]
[Date "2008.02.17"]
[Round "8"]
[White "Puobis, Jozef"]
[Black "Kozinka, Roman"]
[Result "1/2-1/2"]
[WhiteElo "2021"]
[BlackElo "1992"]
[PlyCount "20"]
[EventDate "2007.??.??"]

1. e4 c5 2. d4 cxd4 3. Qxd4 Nc6 4. Qd3 Nf6 5. Nc3 g6 6. Nf3 d6 7. Nd5 Bg7 8. c3
O-O 9. Be2 Bg4 10. O-O $11 a6 1/2-1/2

[Event "SR 3. liga A2 2007/2008"]
[Site "?"]
[Date "2008.02.17"]
[Round "8"]
[White "Zarecky, Eduard"]
[Black "Kubica, Adrian"]
[Result "1-0"]
[WhiteElo "1906"]
[BlackElo "1938"]
[PlyCount "67"]
[EventDate "2007.??.??"]

1. d4 Nf6 2. c4 e6 3. Nc3 d5 4. Nf3 Bb4 5. a3 Be7 6. e3 O-O 7. cxd5 Nxd5 8. Bd2
Nd7 9. Bd3 N7f6 10. Rc1 Bd7 11. Ne5 Bd6 12. Nxd7 Qxd7 13. Ne2 Rac8 14. e4 Bxa3
15. bxa3 Ne7 16. Qb3 b6 17. Bg5 Ne8 18. Bc4 Nd6 19. Ba6 Rcd8 20. Qc2 f6 21. Bh4
c6 22. Bd3 Nb7 23. Ba6 Nd6 24. Bg3 b5 25. d5 Nc4 26. dxe6 Qxe6 27. Nf4 Qf7 28.
a4 Rd2 29. Qc3 Rfd8 30. axb5 g5 31. bxc6 Nb6 32. Nd5 Ra2 33. Bc4 Nexd5 34. Bxa2
1-0

[Event "SR 3. liga A2 2007/2008"]
[Site "?"]
[Date "2008.02.17"]
[Round "8"]
[White "Bott, Tamas"]
[Black "Lukac, Tomas"]
[Result "1/2-1/2"]
[WhiteElo "1827"]
[BlackElo "1819"]
[PlyCount "45"]
[EventDate "2007.??.??"]

1. e4 c5 2. d4 cxd4 3. Qxd4 Nc6 4. Qd3 Nf6 5. Nc3 g6 6. Nf3 Bg7 7. Be2 d6 8.
O-O O-O 9. Bg5 Be6 10. Qd2 Rc8 11. Bh6 Ne5 12. Nxe5 dxe5 13. Qxd8 Rfxd8 14.
Bxg7 Kxg7 15. Rad1 Rd4 16. f3 Nh5 17. g3 Nf6 18. Bd3 a6 19. Kg2 Nd7 20. Ne2 Rb4
21. b3 Nc5 22. c4 Rb6 23. Nc3 $11 1/2-1/2